000 00280nam a2200109Ia 4500
008 231011s9999 xx 000 0 und d
041 _aeng
100 _aKudryavtsev.
245 _aA Brief Course Higher Mathematics Domidovich.
260 _bMIR Publishar Moscow. -
365 _b22
999 _c883345
_d883345